| 000 | 00395nam a22001577a 4500 | ||
|---|---|---|---|
| 005 | 20160523135458.0 | ||
| 008 | 160523b xxu||||| |||| 00| 0 eng d | ||
| 041 | _aeng | ||
| 082 | _b4306 | ||
| 100 |
_aKhanna, OP & Lal M _91066 |
||
| 245 | _aA text book of production technology | ||
| 260 |
_aNew Delhi _bAcademic Faundation _c1992 |
||
| 300 | _a868 | ||
| 650 |
_aManagement _9241 |
||
| 942 | _cBK | ||
| 999 |
_c1453 _d1453 |
||